000
00241nam a2200097Ia 4500
008
200302s9999 xx 000 0 und d
100
_a
John Corbett
245
_a
Interiaor Trends Featuring Bathroom
260
_b
David Johnson
300
_a
131 P.,
999
_c
1700
_d
1700